Normal view
MARC view
Entry Personal Name
001 - CONTROL NUMBER
- control field: 16182
003 - CONTROL NUMBER IDENTIFIER
- control field: OSt
005 - DATE AND TIME OF LATEST TRANSACTION
- control field: 20191216152851.0
008 - FIXED-LENGTH DATA ELEMENTS
- fixed length control field: 191216|| aca||aabn | a|a d
040 ## - CATALOGING SOURCE
- Original cataloging agency: OSt
- Transcribing agency: OSt
100 ## - HEADING--PERSONAL NAME
- Personal name: Hirsch, Alex
670 ## - SOURCE DATA FOUND
- Source citation: Work cat.: (OSt): Hirsch, Alex, Gravity falls journal 3 /, 2016.